International journal of entrepreneurial behaviour & research. (Record no. 1710)

MARC details
000 -LEADER
fixed length control field 02558cas a2200589 a 4500
001 - CONTROL NUMBER
control field data
005 - DATE AND TIME OF LATEST TRANSACTION
control field 20260322212114.0
008 - FIXED-LENGTH DATA ELEMENTS--GENERAL INFORMATION
fixed length control field data
010 ## - LIBRARY OF CONGRESS CONTROL NUMBER
LC control number 95652863
015 ## - NATIONAL BIBLIOGRAPHY NUMBER
National bibliography number GB9532116
Source bnb
016 7# - NATIONAL BIBLIOGRAPHIC AGENCY CONTROL NUMBER
Record control number 009858450
Source Uk
019 ## -
-- 1204555275
-- 663099899
-- 1063412768
-- 1204555275
022 ## - INTERNATIONAL STANDARD SERIAL NUMBER
International Standard Serial Number 1355-2554
023 0# - CLUSTER ISSN
Cluster ISSN 1355-2554
029 1# - OTHER SYSTEM CONTROL NUMBER (OCLC)
OCLC library identifier AU@
System control number 000011553108
029 1# - OTHER SYSTEM CONTROL NUMBER (OCLC)
OCLC library identifier NZ1
System control number 3008838
029 1# - OTHER SYSTEM CONTROL NUMBER (OCLC)
OCLC library identifier NZ1
System control number 9736565
029 1# - OTHER SYSTEM CONTROL NUMBER (OCLC)
OCLC library identifier UKMGB
System control number 009858450
035 ## - SYSTEM CONTROL NUMBER
System control number (OCoLC)32343170
040 ## - CATALOGING SOURCE
Original cataloging agency DLC
Language of cataloging eng
Transcribing agency DLC
Modifying agency OCLCQ
-- OCL
-- WAU
-- IUL
-- CLU
-- OCLCQ
-- UKMGB
-- OCLCO
-- OCLCF
-- CQ$
-- OCLCO
-- DLC
-- APUMS
-- OCLCQ
042 ## - AUTHENTICATION CODE
Authentication code pcc
050 00 - LIBRARY OF CONGRESS CALL NUMBER
Classification number HB615
Item number .I58
082 00 - DEWEY DECIMAL CLASSIFICATION NUMBER
Classification number 338/.04/05
Edition information 20
245 00 - TITLE STATEMENT
Title International journal of entrepreneurial behaviour & research.
246 3# - VARYING FORM OF TITLE
Title proper/short title International journal of entrepreneurial behaviour and research
260 ## - PUBLICATION, DISTRIBUTION, ETC.
Place of publication, distribution, etc. Birmingham, AL :
-- Birmingham, AL :
Name of publisher, distributor, etc. MCB University Press, Ltd.,
Date of publication, distribution, etc. ©1995-
300 ## - PHYSICAL DESCRIPTION
Extent volumes :
Other physical details illustrations ;
Dimensions 25 cm
310 ## - CURRENT PUBLICATION FREQUENCY
Current publication frequency 6 no. a year,
Date of current publication frequency 1999-
321 ## - FORMER PUBLICATION FREQUENCY
Former publication frequency Three times a year,
Dates of former publication frequency 1995-1998
336 ## - CONTENT TYPE
Content type term text
Content type code txt
Source rdacontent
337 ## - MEDIA TYPE
Media type term unmediated
Media type code n
Source rdamedia
338 ## - CARRIER TYPE
Carrier type term volume
Carrier type code nc
Source rdacarrier
362 0# - DATES OF PUBLICATION AND/OR SEQUENTIAL DESIGNATION
Dates of publication and/or sequential designation Vol. 1, no. 1-
500 ## - GENERAL NOTE
General note Title from cover.
530 ## - ADDITIONAL PHYSICAL FORM AVAILABLE NOTE
Additional physical form available note Also issued online via the World Wide Web.
590 ## - LOCAL NOTE (RLIN)
Local note SERBIB/SERLOC merged record
650 #0 - SUBJECT ADDED ENTRY--TOPICAL TERM
Topical term or geographic name entry element Entrepreneurship
Form subdivision Periodicals.
650 #7 - SUBJECT ADDED ENTRY--TOPICAL TERM
Topical term or geographic name entry element Entrepreneurship.
Source of heading or term fast
Authority record control number or standard number (OCoLC)fst00912787
653 #0 - INDEX TERM--UNCONTROLLED
Uncontrolled term Entrepreneurship
655 #7 - INDEX TERM--GENRE/FORM
Genre/form data or focus term Periodicals.
Source of term fast
Authority record control number or standard number (OCoLC)fst01411641
776 1# - ADDITIONAL PHYSICAL FORM ENTRY
Title International journal of entrepreneurial behaviour & research (Online)
International Standard Serial Number 1758-6534
Record control number (OCoLC)45281281
-- (OCoLC)45281281
859 41 - LOCAL CONTROL INFORMATION (RLIN)
-- http://firstsearch.oclc.org
-- Address for accessing the journal using authorization number and password through OCLC FirstSearch Electronic Collections Online. Subscription to online journal required for access to abstracts and full text
859 41 - LOCAL CONTROL INFORMATION (RLIN)
-- http://firstsearch.oclc.org/journal=1355-2554;screen=info;ECOIP
-- Address for accessing the journal from an authorized IP address through OCLC FirstSearch Electronic Collections Online. Subscription to online journal required for access to abstracts and full text
859 41 - LOCAL CONTROL INFORMATION (RLIN)
-- http://www.emeraldinsight.com/1355-2554.htm
890 ## -
-- International journal of entrepreneurial behaviour & research.
-- 95-652863
906 ## - LOCAL DATA ELEMENT F, LDF (RLIN)
a 7
b cbc
c serials
d u
e ncip
f 19
g n-oclcserc
920 ## -
-- Keep 1
985 ## -
-- eserial 200406
991 ## -
-- c-GenColl
-- HB615
-- .I58
-- SERIALS
992 ## -
-- SER
-- SERLOC
Holdings
Withdrawn status Lost status Damaged status Not for loan Home library Current library Shelving location Date acquired Total checkouts Full call number Barcode Date last seen Price effective from Koha item type
        Springfield Springfield General stacks 22/03/2026   338/.04/05 LOC-SPL-00053 22/03/2026 22/03/2026 Books